| 000 | 00582nam a22002057a 4500 | ||
|---|---|---|---|
| 003 | OSt | ||
| 005 | 20161228155229.0 | ||
| 008 | 161228s2016 sp d || 001 ||spa|d | ||
| 017 | _aDL M. 33162-2016 | ||
| 020 | _a9788441537286 | ||
| 040 |
_bcat _cCDMR |
||
| 100 | 1 | _aSolís, Aleyda | |
| 245 | 1 | 0 |
_aSEO _b: las claves esenciales _cAleyda Solís ; prólogo: Gary Illyes |
| 260 |
_aMadrid : _bAnaya, _c2016 |
||
| 300 |
_a213 p. ; _c23 cm |
||
| 650 | 0 | 4 |
_aInternet _xMàrqueting |
| 650 | 0 |
_aSocial Media Management _94121 |
|
| 650 | 0 | 0 |
_aComunicació en l'empresa _92798 |
| 942 | _cMON | ||
| 999 |
_c6984 _d6984 |
||